CÁTALOGO MUNICIPAL







25 años de neoliberalismo en el Perú : (Registro nro. 11098)

Detalles MARC
000 -Cabecera (24)
Campo de control interno 00676nam a22002174a 4500
001 - Número de control
Campo de control BIBLIOTECA MUNICIPAL DE BARRANCO
007 - Tipo material - Descripcion fisica - info general
Tipo material ta
008 - Códigos de longitud fija (40p)
Campo de control de longitud fija t pe gr 00| 0 spa d
017 ## - DEPOSITO LEGAL (PERÚ)
Número Depósito Legal 2018-18778
020 ## - INTERNATIONAL STANDARD BOOK NUMBER
ISBN 978-612-00-3928-1
040 ## - Origen de la Catalogacion
Origen de la Catalogacion BIBLIOTECA MUNICIPAL DE BARRANCO
041 ## - Código de idioma (R)
Código de lengua del texto/banda sonora o título independiente (R) spa
043 ## - Pais ISO
País ISO pe
082 ## - Número de la Clasificación
Numero de edición 343
Número de documento/Ítem B38A 2018.
100 ## - Autor Personal
Autor Personal Benza Pflucker; Manuel Germán
245 ## - Titulo
Titulo 25 años de neoliberalismo en el Perú :
Subtitulo Análisis de la constitución Política de 1993;
Mencion del autor Manuel Germán; Benza Pflucker ,
250 ## - Mencion de edicion
Edicion 1a ed.
260 ## - Pie de imprenta
Ciudad Lima :
Editorial (s.n.);
Año 2018.
300 ## - Descripcion
Páginas 148 p.
Dimensiones 20 cm.
942 ## - Datos personalizados Koha
Tipo de Documento Libros
Fecha procesamiento 2026-05-05
Catalogador AAOH
Existencias
Fuente de Clasificacion Deterioro (estado) Ubicacion permanente Ubicacion actual Fecha de Ingreso a la Biblioteca Numero inventario Prestamos Signatura Topográfica Código de barras Ultima fecha de verificacion Tipo de Item Ubicación en edificio Precio dolares
Dewey Decimal Classification   Biblioteca Municipal Manuel Beingolea Biblioteca Municipal Manuel Beingolea 05/05/2026 002180   343 B38A 2018 002180 05/05/2026 Libros Estantería cerrada  

  

  GERENCIA DE CULTURA Y TURISMO

  Biblioteca Municipal de Barranco

  Auspiciado por la Municipalidad Distrial de Barranco

  Horario de atención: De lunes a sábado de 8:00 am a 5:00 pm.

  Correo electrónico: biblioteca@munibarranco.gob.pe

  Teléfono :203-6730, anexo 303


Ubicación